000 00454nam a2200157Ia 4500
008 160316s1986 xxu||||| |||| 00| 0 eng d
082 _a407.000000
_bOBJ
100 _a
245 _aObjectives for foreign language learning .Vol. I : Scope
250 _a
260 _aStrasbourg
_bCouncil of Europe
_c1986
300 _a87p
_b
_c
365 _b
650 _a1.Foreign Language Learning - Study - Teaching - Aims - Objectives - Europe
700 _a
_a
999 _c17959
_d17959